000
00255 a2200085 4500
100
1
_a
Vemjan, G.V..
_e
Autor
245
0
_a
Kacestvo telefonnoj peredaci i ego ocenka /
_c
Vemjan G.V..
710
2
_a
Svjaz'.
_e
Wydawca
_4
pbl
260
_a
Moskva :
_b
Svjaz',
_c
1970.
300
_a
224 s.;
_c
24 cm.
999
_c
4030
_d
4030